Central Library OPAC University of Rajshahi

Interpretation and Protection of Human Rights Modern Perspective with Special Reference to Criminal Justice in Bangladesh / (Record no. 79579)

MARC details
000 -LEADER
fixed length control field 01116nam a2200277 a 4500
001 - CONTROL NUMBER
RUCL Control Number 79579
003 - CONTROL NUMBER IDENTIFIER
rucl marc code BD-RjUL
005 - DATE AND TIME OF LATEST TRANSACTION
control field 20220530121243.0
008 - FIXED-LENGTH DATA ELEMENTS--GENERAL INFORMATION
fixed length control field 220320s2005 bg ||||| m||| 00| 0 eng d
035 ## - SYSTEM CONTROL NUMBER
system control number (BD-RjUL)79579
040 ## - CATALOGING SOURCE
Original cataloging agency BD-RjUL
Language of cataloging eng
Transcribing agency BD-RjUL
Modifying agency BD-RjUL
041 ## - LANGUAGE CODE
Language code of Book eng
082 ## - DEWEY DECIMAL CLASSIFICATION NUMBER
Classification number 345.549205
Author mark and Year FAI
DDC Edition number 23
100 ## - MAIN ENTRY--PERSONAL NAME
Personal name Faiz-Ud-din, Muhammad
9 (RLIN) 1920
245 01 - TITLE STATEMENT
Title Interpretation and Protection of Human Rights Modern Perspective with Special Reference to Criminal Justice in Bangladesh /
Statement of responsibility, etc By Muhammad Faiz-Ud-Din ;
Name of Supervisor/Co-Supervisor Supervisor : M. Muazzem Husain
260 ## - PUBLICATION, DISTRIBUTION, ETC. (IMPRINT)
Place of publication, distribution, etc Rajshahi :
Name of publisher, distributor, etc Department of Law and Justice, University of Rajshahi,
Date of publication, distribution, etc [2005]
300 ## - PHYSICAL DESCRIPTION
Pagination ix, 230 Leaves ;
Dimensions 29 cm.
502 ## - DISSERTATION NOTE
Dissertation note Thesis (Ph. D.) -- Department of Law and Justice, University of Rajshahi, [2005]
504 ## - BIBLIOGRAPHY, ETC. NOTE
Bibliography, etc Bibliography : Leaves 216-230
600 ## - SUBJECT ADDED ENTRY--PERSONAL NAME
Geographic subdivision .
650 ## - SUBJECT ADDED ENTRY--TOPICAL TERM
Topical term or geographic name as entry element Human rights
Geographic subdivision Bangladesh
9 (RLIN) 2702
Topical term or geographic name as entry element Criminal justice, Administration of
Geographic subdivision Bangladesh
9 (RLIN) 3173
Topical term or geographic name as entry element Criminal procedure
Geographic subdivision Bangladesh
9 (RLIN) 2701
700 ## - ADDED ENTRY--SUPERVISOR/CO-SUPERVISOR NAME
Personal name Husain, M. Muazzem, Supervisor :
9 (RLIN) 1922
942 ## - ADDED ENTRY ELEMENTS (KOHA)
Source of classification or shelving scheme Dewey Decimal Classification
Koha item type Theses
Holdings
Source of classification or shelving scheme Damaged status Not for loan Collection code Permanent Location Current Location Shelving location Date of accession Source of acquisition Full call number Barcode Date last seen Copy number Thesis
Dewey Decimal Classification   Not For Loan Theses Central Library, University of Rajshahi Central Library, University of Rajshahi Documentation Section 24/05/2006 Controller of Exam., R.U THE 345.549205 FAI 2005 D2512 20/03/2022 C-1 Theses